Statistics for Most Portugeese people Countries

Click here to take the quiz!

General Stats

  • This quiz has been taken 20 times
  • The average score is 9 of 15

Answer Stats

Answer% Correct
Brazil
100%
Portugal
100%
Angola
83%
Cameroon
67%
East Timor
61%
Somalia
61%
Sri Lanka
61%
Equatorial Guinea
56%
Guinea-Bissau
56%
Mozambique
56%
Namibia
56%
Cape Verde
50%
Trinidad and Tobago
50%
Mali
44%
Sao tome and principe
39%

Score Distribution

Percentile by Number Answered

Percent of People with Each Score

Your Score History

You have not taken this quiz